000 00367cam a2200145ua 4500
003 OSt
005 20260213113114.0
008 260213b |||||||| |||| 00| 0 eng d
041 _aeng
082 _a028.74633
_bOPE/DO
245 _aDomestic survey : Cardamom and pepper
260 _aBombay :
_bOperation research group ,
_c1987.
300 _a157 ; .
942 _cBK
999 _c10213
_d10213